000 00608nam a2200217Ii 4500
001 15571
003 CO-ViMGA
008 241108s9999||||xx |||||||||||||| ||und||
020 _a9789978480816
040 _aCO-ViMGA
_bspa
_erda
_cCO-ViMGA
041 0 _aspa
084 _aC JIM1
100 1 _aJuan Ramón Jiménez
_949250
245 1 0 _aPlatero y yo
264 1 _aQuito, Ecuador : Velásquez and Velásquez, 2008
300 _avolumen
336 _atext
_btxt
_2rdacontent
337 _aunmediated
_bn
_2rdamedia
338 _avolume
_bnc
_2rdacarrier
940 _aidficha_siabuc: 15255. -- ficha_no_siabuc:15571
999 _c43893
_d43893